AI-Driven Leader: Harnessing AI to Make Faster, Smarter Decisions (Record no. 370336)
[ view plain ]
| 000 -LEADER | |
|---|---|
| fixed length control field | 01693nam a2200193 4500 |
| 005 - DATE AND TIME OF LATEST TRANSACTION | |
| control field | 20260212154013.0 |
| 008 - FIXED-LENGTH DATA ELEMENTS--GENERAL INFORMATION | |
| fixed length control field | 260205b |||||||| |||| 00| 0 eng d |
| 020 ## - INTERNATIONAL STANDARD BOOK NUMBER | |
| International Standard Book Number | 9788183286640 |
| 041 ## - LANGUAGE CODE | |
| Language code of text/sound track or separate title | English |
| 082 ## - DEWEY DECIMAL CLASSIFICATION NUMBER | |
| Classification number | 005.1 |
| Item number | WOO |
| 100 ## - MAIN ENTRY--PERSONAL NAME | |
| Author | Woods Geoff |
| 245 ## - TITLE STATEMENT | |
| Title | AI-Driven Leader: Harnessing AI to Make Faster, Smarter Decisions |
| 260 ## - PUBLICATION, DISTRIBUTION, ETC. | |
| Place of publication, distribution, etc. | New Delhi |
| Name of publisher, distributor, etc. | Wisdom Tree |
| Date of publication, distribution, etc. | 2025 |
| 300 ## - PHYSICAL DESCRIPTION | |
| Extent | 293 |
| 365 ## - TRADE PRICE | |
| Price amount | 465.65 |
| Currency code | Rs.00 |
| 520 ## - SUMMARY, ETC. | |
| Summary, etc. | PART1 REDEFINE YOUR LEADERSHIP IN THE AI ERA. <br/>1. The Rise Of AI And The AI-Driven Leader <br/>2. We've Been Here Before: What Past Technological Revolutions Can Teach AI-Driven Leaders <br/>3. Shift From Operational Overwhelm To Strategic Clarity: The Essential Mindset For AI-Driven Leaders<br/>PART 2 BECOME AN AI-DRIVEN LEADER. <br/>4. Understand AI: What : It Is, How It Works, And How To Get Started <br/>5. Supercharge Your Leadership: Five AI Use Cases You Can Use Today <br/>6. The High Price Of The Wrong Questions: Using AI To Overcome Biases And Assumptions <br/>7. Collapse The Time From Data To Decisions <br/>8. Navigate Short-Term Pressures Without Sacrificing Long-Term Growth <br/>9. Accelerate Strategic Momentum: Make Faster, Smarter Decisions With AI<br/>PART 3 BUILD AN AI-DRIVEN ORGANIZATION. <br/>10. Lead With Strategic Clarity: Ensure Year-Round Alignment <br/>11. The Critical First 30 Days: Focused Execution To Drive Results <br/>12. 10x The Impact Of Every Employee <br/>13. Integrate AI Seamlessly: Change Management Strategies For Smooth Transitions <br/>14. Go From 0 To 1: The Simple Path To Deliver Value With AI<br/>CONCLUSION: REDEFINE WHO YOU ARE AND WHO YOU CAN BECOME<br/> |
| 650 ## - SUBJECT ADDED ENTRY--TOPICAL TERM | |
| Topical term or geographic name entry element | Artificial Intelligence |
| 942 ## - ADDED ENTRY ELEMENTS (KOHA) | |
| Koha item type | Books |
| Withdrawn status | Lost status | Source of classification or shelving scheme | Damaged status | Not for loan | Home library | Current library | Date acquired | Vendor | Net Price | Bill number | Total Checkouts | Full call number | Barcode | Date last seen | Discount | Actual Price | Bill Date | Koha item type |
|---|---|---|---|---|---|---|---|---|---|---|---|---|---|---|---|---|---|---|
| Dewey Decimal Classification | School of Fashion Technology | School of Fashion Technology | 04/02/2026 | Design Book Studio | 465.65 | 288 | 005.1 WOO | SOFT-BK-4949 | 05/02/2026 | 33% | 695.00 | 12/12/2025 | Books |